| 000 | 00377nam a22001337a 4500 | ||
|---|---|---|---|
| 999 |
_c2251 _d2251 |
||
| 008 | 200218b ||||| |||| 00| 0 eng d | ||
| 020 | _a8189729101 | ||
| 100 |
_91835 _aRamakrishnan, T.V . |
||
| 245 | 1 | 0 |
_aMarine and offshore engineering/ _cby T.V. Ramakrishnan |
| 260 |
_aNew-Delhi _bGene-Tech _c2007 |
||
| 300 | _a302p. | ||
| 650 | 0 | _aOffshore structures--Corrosion | |
| 942 | _cBK | ||